Συλλογικός κατάλογος περιοδικών στις ελληνικές επιστημονικές βιβλιοθήκες = Union catalogue of periodicals in Greek scientific libraries

Αποθηκεύτηκε σε:
Λεπτομέρειες βιβλιογραφικής εγγραφής
Συγγραφή απο Οργανισμό/Αρχή: Εθνικό Ίδρυμα Ερευνών Εθνικό Κέντρο Τεκμηρίωσης
Μορφή: Βιβλίο
Γλώσσα:Greek
English
Δημοσίευση: Αθήνα : Εθνικό Ιδρυμα Ερευνών. Εθνικό Κέντρο Τεκμηρίωσης, 1985
Θέματα:
Ετικέτες: Προσθήκη ετικέτας
Δεν υπάρχουν, Καταχωρήστε ετικέτα πρώτοι!

MARC

LEADER 00000nam a2200000 i 4500
001 1/59803
008 960725s1985 gre d
022 |a 0256968X 
035 |l 10028604 
040 |a GR-MY-UA  |b gre  |e aacr 
041 0 |a gre  |a eng 
082 0 |a Π 011.34 
110 2 |a Εθνικό Ίδρυμα Ερευνών  |b Εθνικό Κέντρο Τεκμηρίωσης. 
245 1 0 |a Συλλογικός κατάλογος περιοδικών στις ελληνικές επιστημονικές βιβλιοθήκες =  |b Union catalogue of periodicals in Greek scientific libraries /  |c Εθνικό Ιδρυμα Ερευνών. Πρόγραμμα Εθνικού Κέντρου Τεκμηρίωσης 
260 |a Αθήνα :   |b Εθνικό Ιδρυμα Ερευνών. Εθνικό Κέντρο Τεκμηρίωσης,   |c 1985 
300 |a 172 σ. 
650 0 0 |a Periodicals  |x Bibliography  |x Union lists. 
852 |a INST  |b CHIOS  |e 19960913  |h 011.34 ΣΥΛ  |p 005200011804  |q 005200011804  |t REF  |y 23 
852 |a INST  |b LESVOS  |e 19960725  |h 011.34 ΣΥΛ  |p 005100022922  |q 005100022922  |t REF  |y 23 
852 |a INST  |b RHODES  |e 19990719  |h 011.34 ΕΘΝ  |p 005400008816  |q 005400008816  |t REF  |y 23 
852 |a INST  |b RHODES  |e 19990719  |h 011.34 ΕΘΝ  |p 005400008817  |q 005400008817  |t REF  |y 23 
909 |a Χ  |b 002440 
909 |a Ρ  |b 002438 
909 |a Ρ  |b 002439 
922 |a 4ΕΛΗ  |b 198603  |c ΑΓΟΡΑ 
970 |z 19990719  |a ΧΟΡΟΖΙΔΟΥ  |b ΤΖΕΝΗ